000 00340nam a22001457a 4500
008 210312b ||||| |||| 00| 0 eng d
020 _a9781556423741
041 _aeng
080 _23rd
_a338
082 _a338
100 _a53
101 _aMEN
245 _aFunctions of a Manager in Occupational Therapy
_cJacobs, K
942 _2udc
_cBK
999 _c56607
_d56607